Who Invented Hinduism (Record no. 15517)

MARC details
000 -LEADER
fixed length control field 00423nam a2200169 a 4500
020 ## - INTERNATIONAL STANDARD BOOK NUMBER
ISBN 8190227262
082 00 - DEWEY DECIMAL CLASSIFICATION NUMBER
Classification number 294.5563
Author Cutter LOR
100 ## - MAIN ENTRY--AUTHOR NAME
Author name Lorenzen, David N
245 ## - TITLE STATEMENT
Title Who Invented Hinduism
260 ## - PUBLICATION, DISTRIBUTION, ETC. (IMPRINT)
Place of publication New Delhi
Name of publisher Yoda Press
Year of publication 2006
300 ## - PHYSICAL DESCRIPTION
Number of Pages 284p
500 ## - GENERAL NOTE
General note includes index and biblioraphy
505 2# - FORMATTED CONTENTS NOTE
Formatted contents note Bibliography, Index
650 ## - SUBJECT ADDED ENTRY--TOPICAL TERM
Topical Term Hinduism-History
942 ## - ADDED ENTRY ELEMENTS (KOHA)
Koha item type Books
700 1# -
-- Lorenzen, David N
Holdings
Collection code Home library Current library Date acquired Cost, normal purchase price Full call number Accession Number Koha item type
  Henry Martyn Institute Library Henry Martyn Institute Library 11/05/2007 595.00 294.5563 LOR 021801 Books
                   Copyright © 2026 | Henry Martyn Institute | Hyderabad | TS-500052 | INDIA | Implemented by hmi.edu.in
Hit-Count:

Powered by Koha